[Event "2BLW 2122 SV Koblenz - SF Neuberg"]
[Site "?"]
[Date "2022.05.01"]
[Round "4.3"]
[White "Bethke, Richard"]
[Black "Sulskis, Sarunas"]
[Result "0-1"]
[WhiteElo "2340"]
[BlackElo "2509"]
[PlyCount "64"]
[EventDate "2022.??.??"]

1. e4 e5 2. Nf3 Nc6 3. Bc4 Nf6 4. d3 h6 5. O-O d6 6. c3 g5 7. Nbd2 Bg7 8. b4 g4
9. Ne1 O-O 10. f4 exf4 11. d4 d5 12. e5 dxc4 13. exf6 Bxf6 14. Ne4 Bg7 15. Bxf4
Nxd4 16. Kh1 Ne6 17. Qc1 Qd5 18. Ng3 Nxf4 19. Qxf4 Qe5 20. Qxc4 Qxc3 21. Rc1
Qxc4 22. Rxc4 c6 23. Nd3 a5 24. a4 b5 25. Rxc6 bxa4 26. b5 Bd7 27. Rc5 Rab8 28.
Ne5 Bxb5 29. Rb1 a3 30. Nh5 a2 31. Ra1 Bc4 32. Rxc4 Rb1+ 0-1

[Event "2BLW 2122 SV Koblenz - SF Neuberg"]
[Site "?"]
[Date "2022.05.01"]
[Round "4.4"]
[White "Wiedenkeller, Michael"]
[Black "Wahedi, Ahmad Siar"]
[Result "1-0"]
[WhiteElo "2426"]
[BlackElo "2287"]
[PlyCount "67"]
[EventDate "2022.??.??"]

1. d4 Nf6 2. Bg5 Ne4 3. Bf4 c5 4. f3 Qa5+ 5. c3 Nd6 6. Nd2 cxd4 7. Nb3 Qf5 8.
Bxd6 exd6 9. Nxd4 Qe5 10. Qd2 Nc6 11. e3 a6 12. f4 Qf6 13. Ngf3 b6 14. Bd3 Bb7
15. O-O d5 16. Rae1 Be7 17. Nf5 O-O 18. g4 d6 19. g5 Qe6 20. N3d4 Qd7 21. Qg2
Kh8 22. Rf3 g6 23. Rh3 Nxd4 24. Rxh7+ Kxh7 25. Qh3+ Kg8 26. Nh6+ Kg7 27. Qxd7
Nf3+ 28. Kf2 Nxe1 29. Kxe1 Rae8 30. Qxb7 d4 31. cxd4 Bd8 32. Kd2 Re7 33. Qd5
Bc7 34. f5 1-0

[Event "2BLW 2122 SV Koblenz - SF Neuberg"]
[Site "?"]
[Date "2022.05.01"]
[Round "4.5"]
[White "Lutz, Klaus-Juergen"]
[Black "Schenderowitsch, Michael"]
[Result "1-0"]
[WhiteElo "2227"]
[BlackElo "2335"]
[PlyCount "111"]
[EventDate "2022.??.??"]

1. e4 e6 2. d4 d5 3. e5 c5 4. c3 Nc6 5. Nf3 Nh6 6. Bd3 cxd4 7. O-O Nf5 8. Re1
Be7 9. cxd4 O-O 10. Nc3 a6 11. Qa4 Ra7 12. a3 g6 13. Bxf5 exf5 14. Bh6 Re8 15.
g3 Be6 16. h4 Qd7 17. b4 Rc8 18. Re3 Nb8 19. Qb3 b5 20. Ne2 a5 21. bxa5 Rxa5
22. Bg5 Bf8 23. Qb2 Qa7 24. Rb3 b4 25. Rxb4 Bxb4 26. Qxb4 Ra4 27. Qb3 Rac4 28.
Qe3 Qa4 29. Bf6 Qe8 30. h5 Nd7 31. hxg6 fxg6 32. Qh6 Qf8 33. Qh4 R8c6 34. Nf4
Rc1+ 35. Rxc1 Rxc1+ 36. Kg2 Nxf6 37. Nxe6 Qe7 38. Nf4 Rc6 39. exf6 Qxf6 40. Ng5
Rc7 41. Nd3 Qd6 42. a4 Ra7 43. Nc5 Qe7 44. Qf4 Ra8 45. Nge6 Qf7 46. Qe5 Re8 47.
a5 h6 48. a6 Kh7 49. Qxd5 Re7 50. Nf4 Qf6 51. Nfe6 Qf7 52. Qe5 g5 53. d5 g4 54.
d6 Ra7 55. d7 Rxd7 56. Nxd7 1-0

[Event "2BLW 2122 SV Koblenz - SF Neuberg"]
[Site "?"]
[Date "2022.05.01"]
[Round "4.6"]
[White "Fritsche, Lutz"]
[Black "Koller, Jens"]
[Result "1-0"]
[WhiteElo "2315"]
[BlackElo "2158"]
[PlyCount "67"]
[EventDate "2022.??.??"]

1. e4 c5 2. Nc3 e6 3. g3 Nc6 4. Bg2 g6 5. f4 d6 6. Nf3 Bg7 7. d3 Nge7 8. O-O
O-O 9. Be3 Nd4 10. e5 Nef5 11. Bf2 Nxf3+ 12. Qxf3 Nd4 13. Qd1 dxe5 14. fxe5
Bxe5 15. Ne4 Nf5 16. c3 c4 17. d4 Bg7 18. Qe2 Nd6 19. Nxd6 Qxd6 20. Qxc4 Bd7
21. Rad1 Rac8 22. Qb3 Bc6 23. d5 exd5 24. Bxd5 Bxd5 25. Rxd5 Qe6 26. Re1 Qg4
27. Re7 Rce8 28. Rdd7 Qf5 29. Qxb7 Rxe7 30. Rxe7 Rd8 31. Qe4 Rd1+ 32. Kg2 Qb5
33. c4 Qxb2 34. Qf3 1-0

[Event "2BLW 2122 SV Koblenz - SF Neuberg"]
[Site "?"]
[Date "2022.05.01"]
[Round "4.7"]
[White "Knickel, Aaron"]
[Black "Stewart, Neil"]
[Result "0-1"]
[WhiteElo "2145"]
[BlackElo "2245"]
[PlyCount "62"]
[EventDate "2022.??.??"]

1. g3 e5 2. Bg2 Nf6 3. c4 d5 4. cxd5 Nxd5 5. Nc3 Nb6 6. Nf3 Nc6 7. d3 Be7 8.
Bd2 O-O 9. O-O Re8 10. Na4 Bf8 11. a3 Nd4 12. Nxb6 axb6 13. Re1 c6 14. b4 Bg4
15. Nxd4 exd4 16. h3 Be6 17. a4 Qd7 18. Kh2 Bd5 19. Qc2 Bxg2 20. Kxg2 Qd5+ 21.
Kh2 Qh5 22. Qd1 b5 23. a5 Qf5 24. Kg2 Re6 25. Ra3 Qd5+ 26. Kh2 Bd6 27. e4 dxe3
28. Rxe3 Rxe3 29. fxe3 Qe5 30. Qe1 Qb2 31. Ra1 Bxb4 0-1

[Event "2BLW 2122 SV Koblenz - SF Neuberg"]
[Site "?"]
[Date "2022.05.01"]
[Round "4.8"]
[White "Bohn, Thomas"]
[Black "Eull, Emil"]
[Result "0-1"]
[WhiteElo "2319"]
[BlackElo "1909"]
[PlyCount "68"]
[EventDate "2022.??.??"]

1. f4 d5 2. Nf3 Nf6 3. e3 c5 4. b3 g6 5. Bb2 Bg7 6. Bb5+ Bd7 7. a4 a6 8. Bxd7+
Qxd7 9. O-O Nc6 10. Ne5 Qc7 11. Qf3 O-O 12. Nxc6 Qxc6 13. a5 e6 14. d3 Rac8 15.
Nd2 Rfd8 16. Be5 Nd7 17. Bxg7 Kxg7 18. Rae1 Nf6 19. g4 Qc7 20. f5 exf5 21. gxf5
Rd6 22. Re2 Re8 23. e4 dxe4 24. dxe4 Qd8 25. Nc4 Rd1 26. e5 Qd4+ 27. Ref2 Rxf1+
28. Kxf1 Ng4 29. f6+ Kg8 30. Rd2 Qxd2 31. Qxg4 Qc1+ 32. Kg2 Qxc2+ 33. Kh3 Qxb3+
34. Kh4 Qc2 0-1

[Event "2BLW 2122 SG Bochum - SK Münster"]
[Site "?"]
[Date "2022.05.01"]
[Round "4.1"]
[White "Holtel, Jasper"]
[Black "Kotainy, Jens"]
[Result "0-1"]
[WhiteElo "2342"]
[BlackElo "2441"]
[PlyCount "82"]
[EventDate "2022.??.??"]

1. e4 e6 2. d4 d5 3. Nd2 h6 4. Ngf3 Nf6 5. e5 Nfd7 6. c4 dxc4 7. Nxc4 Nb6 8. a3
Be7 9. Bd3 N8d7 10. O-O Nxc4 11. Bxc4 Nb6 12. Bd3 Bd7 13. Be4 Nd5 14. Bd2 Bb5
15. Re1 Qd7 16. Qc2 Rc8 17. b4 Ba4 18. Qb2 Qb5 19. Qa2 O-O 20. Rac1 Rfd8 21.
Bb1 a5 22. Bxh6 gxh6 23. Qd2 Kg7 24. Bd3 Qd7 25. Re4 Rh8 26. bxa5 Bxa3 27. Rb1
Bc6 28. Rg4+ Kf8 29. Rh4 Qe7 30. Rxh6 Kg7 31. Rxh8 Rxh8 32. a6 Bb4 33. Qb2 bxa6
34. Bxa6 Rb8 35. Be2 Rb6 36. Qc2 Nc3 37. Ra1 Be4 38. Qd2 Nd5 39. Qc1 Bc3 40.
Nd2 Bxa1 41. Nxe4 Bxd4 0-1

[Event "2BLW 2122 SG Bochum - SK Münster"]
[Site "?"]
[Date "2022.05.01"]
[Round "4.2"]
[White "Schlawin, Marlon"]
[Black "Muschik, Benedikt"]
[Result "0-1"]
[WhiteElo "2327"]
[BlackElo "2330"]
[PlyCount "126"]
[EventDate "2022.??.??"]

1. e4 g6 2. d4 Bg7 3. Nc3 d6 4. Be3 a6 5. a4 b6 6. Qd2 Nd7 7. Bc4 h6 8. Nge2
Bb7 9. f3 e6 10. h4 Ngf6 11. Bb3 Qe7 12. g4 c5 13. O-O-O O-O-O 14. g5 hxg5 15.
Bxg5 cxd4 16. Nxd4 Nc5 17. Bc4 Qc7 18. Qe2 Bh6 19. Bxh6 Rxh6 20. b4 d5 21. bxc5
dxc4 22. cxb6 Qc5 23. Qe3 Rh5 24. Nce2 Nd7 25. Ng3 Rhh8 26. f4 Nxb6 27. h5 c3
28. Rd3 Nxa4 29. hxg6 Qa3+ 30. Kd1 Rxh1+ 31. Nxh1 Qa1+ 32. Ke2 Qxh1 33. gxf7
Bxe4 34. Nxe6 Bxd3+ 35. Qxd3 Qg2+ 36. Ke1 Qh1+ 37. Ke2 Qh5+ 38. Ke1 Qh4+ 39.
Kf1 Qh1+ 40. Kf2 Qh2+ 41. Kf1 Qh1+ 42. Kf2 Qh2+ 43. Kf1 Rxd3 44. f8=Q+ Kd7 45.
Qg7+ Kxe6 46. Qg6+ Ke7 47. Qe4+ Kd6 48. Qxd3+ Kc5 49. Qe3+ Kb4 50. Qe4+ Ka3 51.
f5 Qd6 52. Qf3 Qf6 53. Qd5 Qb6 54. Kg2 Kb2 55. f6 Qxf6 56. Qb3+ Kc1 57. Qxa4
Qb6 58. Kf3 Kb2 59. Qe4 a5 60. Ke2 Qb5+ 61. Ke1 a4 62. Qf4 a3 63. Kd1 Qd5+ 0-1

[Event "2BLW 2122 SG Bochum - SK Münster"]
[Site "?"]
[Date "2022.05.01"]
[Round "4.3"]
[White "Wolter, Kai"]
[Black "Tkachuk, Konstantyn"]
[Result "1/2-1/2"]
[WhiteElo "2280"]
[BlackElo "2265"]
[PlyCount "68"]
[EventDate "2022.??.??"]

1. e4 c5 2. Nf3 d6 3. d4 cxd4 4. Nxd4 Nf6 5. Nc3 g6 6. Be3 Bg7 7. f3 Nc6 8. Qd2
O-O 9. O-O-O d5 10. Qe1 e5 11. Nxc6 bxc6 12. exd5 Nxd5 13. Bc4 Be6 14. Ne4 Qc7
15. Bc5 Rfd8 16. Qh4 h6 17. g4 Nf4 18. Bxe6 Nxe6 19. Bd6 Qa5 20. a3 Nd4 21. Qf2
f5 22. gxf5 gxf5 23. Bb4 Qb6 24. Bc5 Qb5 25. Bxd4 exd4 26. Ng3 Rab8 27. b3 Qc5
28. b4 Qd5 29. Rd3 a5 30. Nh5 Be5 31. Rg1+ Kh7 32. f4 Bh8 33. Qh4 Qf7 34. Rdg3
Rg8 {(=)} 1/2-1/2

[Event "2BLW 2122 SG Bochum - SK Münster"]
[Site "?"]
[Date "2022.05.01"]
[Round "4.4"]
[White "Werthebach, Felix"]
[Black "Schmitzer, Klaus"]
[Result "0-1"]
[WhiteElo "2210"]
[BlackElo "2261"]
[PlyCount "60"]
[EventDate "2022.??.??"]

1. c4 b6 2. Nc3 Bb7 3. e4 e6 4. g3 f5 5. Bg2 Nf6 6. Nge2 Nxe4 7. Nxe4 Bxe4 8.
Bxe4 fxe4 9. Nc3 Be7 10. Qh5+ g6 11. Qe5 Bf6 12. Qxe4 Nc6 13. h4 Qe7 14. Nb5
Rc8 15. O-O O-O 16. Na3 Rcd8 17. Nc2 Qf7 18. d4 d5 19. cxd5 exd5 20. Qd3 Bg7
21. Bf4 Rd7 22. Rad1 Ne7 23. Ne3 Nc6 24. Qc3 Nxd4 25. Rxd4 c5 26. Ng4 cxd4 27.
Qc6 Qf5 28. Ne5 Rdd8 29. Re1 d3 30. Qc3 Rfe8 0-1

[Event "2BLW 2122 SG Bochum - SK Münster"]
[Site "?"]
[Date "2022.05.01"]
[Round "4.5"]
[White "Chilla, Jan Eric"]
[Black "Hengelbrock, Joachim"]
[Result "1/2-1/2"]
[WhiteElo "2236"]
[BlackElo "2295"]
[PlyCount "32"]
[EventDate "2022.??.??"]

1. Nf3 d5 2. g3 c5 3. Bg2 Nc6 4. d4 Nf6 5. O-O e6 6. c4 Be7 7. cxd5 exd5 8.
dxc5 Bxc5 9. a3 a5 10. Bg5 O-O 11. Nc3 d4 12. Nb5 Qb6 13. Qd3 Bd7 14. Bxf6 gxf6
15. a4 Rad8 16. Rac1 Be6 {(=)} 1/2-1/2

[Event "2BLW 2122 SG Bochum - SK Münster"]
[Site "?"]
[Date "2022.05.01"]
[Round "4.6"]
[White "Tkachuk, Sergij"]
[Black "Wilde, Pierre"]
[Result "1-0"]
[WhiteElo "2243"]
[BlackElo "2273"]
[PlyCount "76"]
[EventDate "2022.??.??"]

1. e4 e6 2. d4 d5 3. exd5 exd5 4. Nf3 Nc6 5. Bb5 Nge7 6. Ne5 a6 7. Ba4 b5 8.
Bb3 Nxe5 9. dxe5 Be6 10. O-O Qd7 11. c3 Ng6 12. Re1 Be7 13. Nd2 O-O 14. Nf1
Rad8 15. a4 b4 16. a5 bxc3 17. bxc3 f6 18. Ba4 c6 19. exf6 Bxf6 20. Qd3 Qc8 21.
Ba3 Bf5 22. Qd2 Rfe8 23. Bc5 Rxe1 24. Rxe1 Ne5 25. Bd4 Nc4 26. Qf4 Bxd4 27.
cxd4 Bg6 28. Ne3 Nxa5 29. Rc1 Bf7 30. Nf5 Qd7 31. Bxc6 Nxc6 32. Rxc6 Re8 33.
Rc1 Qe6 34. h3 Bg6 35. Ne3 Rf8 36. Qg5 Be4 37. Rc7 Rf7 38. f3 h6 1-0

[Event "2BLW 2122 SG Bochum - SK Münster"]
[Site "?"]
[Date "2022.05.01"]
[Round "4.7"]
[White "Kamp, Christoph"]
[Black "Backwinkel, Paul"]
[Result "1/2-1/2"]
[WhiteElo "2260"]
[BlackElo "2294"]
[PlyCount "70"]
[EventDate "2022.??.??"]

1. c4 e6 2. Nc3 d5 3. d4 f5 4. Bf4 c6 5. e3 Nf6 6. Nf3 Be7 7. Bd3 O-O 8. O-O
Ne4 9. h3 Nd7 10. Qc2 g5 11. Bh2 Bd6 12. Ne2 Bxh2+ 13. Nxh2 Ndf6 14. Nf3 Rf7
15. Ne5 Re7 16. f3 Nd6 17. c5 Nf7 18. Nxf7 Rxf7 19. Rac1 Bd7 20. g4 fxg4 21.
fxg4 Qe7 22. Ng3 Raf8 23. e4 dxe4 24. Bxe4 Qd8 25. Bg2 Nd5 26. Bxd5 Rxf1+ 27.
Rxf1 Rxf1+ 28. Kxf1 cxd5 29. Kg2 Be8 30. Qe2 Qf6 31. Qe3 Bg6 32. b4 a6 33. a3
h6 34. Kg1 Bf7 35. Kg2 Bg6 1/2-1/2

[Event "2BLW 2122 SG Bochum - SK Münster"]
[Site "?"]
[Date "2022.05.01"]
[Round "4.8"]
[White "Mazarov, Juergen"]
[Black "Rott, Georg"]
[Result "0-1"]
[WhiteElo "2131"]
[BlackElo "2149"]
[PlyCount "148"]
[EventDate "2022.??.??"]

1. Nf3 d5 2. g3 e6 3. Bg2 c5 4. O-O Nc6 5. d3 Nf6 6. Nbd2 Be7 7. e4 dxe4 8.
dxe4 O-O 9. Qe2 e5 10. c3 Be6 11. Ng5 Bg4 12. f3 Bd7 13. f4 Bg4 14. Ngf3 exf4
15. gxf4 Nh5 16. Nb3 Qc8 17. Be3 b6 18. Qf2 Bh3 19. Kh1 Nf6 20. Bxh3 Qxh3 21.
Nbd2 Ng4 22. Qe2 Nxe3 23. Qxe3 Rad8 24. Rg1 Rd7 25. Rg3 Qh6 26. Rag1 g6 27. e5
f5 28. e6 Rd5 29. Nc4 Rfd8 30. Nce5 Nxe5 31. Nxe5 Rd1 32. Nf7 Qh4 33. Nxd8 Rxd8
34. Qe5 Qf6 35. Qxf6 Bxf6 36. Re3 Be7 37. Re2 Kg7 38. Kg2 Kf6 39. Rge1 Rd3 40.
Re3 Rd2+ 41. R1e2 Rd1 42. Rh3 Kg7 43. Rf3 Kf6 44. Rff2 Rd3 45. Rf3 Rd1 46. Kg3
Rg1+ 47. Kf2 Rd1 48. Rfe3 Rd6 49. Ke1 b5 50. Re5 Ra6 51. a3 Ra4 52. Rd5 Rxf4
53. Rd7 Ra4 54. Rb7 a6 55. Rb6 b4 56. cxb4 cxb4 57. axb4 Rxb4 58. Rxa6 Rb3 59.
Kd1 g5 60. Kc2 Rb5 61. Rc6 h5 62. Kc3 g4 63. Rc4 Kg5 64. Kd3 f4 65. Rce4 Kf5
66. Kc4 Rc5+ 67. Kd4 f3 68. Re5+ Rxe5 69. Rxe5+ Kf4 70. Re1 f2 71. Rf1 Kf3 72.
Kd3 h4 73. b3 g3 74. hxg3 hxg3 0-1

[Event "2BLW 2122 SC Hansa Dortmund - SG Porz"]
[Site "?"]
[Date "2022.05.01"]
[Round "4.6"]
[White "Wolf, Ulrich Martin"]
[Black "Suvorov, Luca"]
[Result "1-0"]
[WhiteElo "2149"]
[BlackElo "2309"]
[PlyCount "53"]
[EventDate "2022.??.??"]

1. d4 Nf6 2. Nf3 e6 3. Bg5 d5 4. Nbd2 c5 5. e3 Nc6 6. c3 Bd6 7. Bd3 h6 8. Bh4
O-O 9. O-O e5 10. dxe5 Nxe5 11. Nxe5 Bxe5 12. f4 Bd6 13. e4 dxe4 14. Bxf6 gxf6
15. Nxe4 f5 16. Ng3 Qh4 17. Qf3 Qf6 18. Qh5 Qg6 19. Qh3 Re8 20. Bxf5 Bxf5 21.
Nxf5 Bf8 22. Rf3 Kh7 23. Rd1 Re2 24. Rg3 Qe6 25. Qg4 f6 26. Qg6+ Kh8 27. h3 1-0

[Event "2BLW 2122 SC Hansa Dortmund - SG Porz"]
[Site "?"]
[Date "2022.05.01"]
[Round "4.4"]
[White "Kotter, Ralf"]
[Black "Suvorov, Alexander"]
[Result "1-0"]
[WhiteElo "2335"]
[BlackElo "2357"]
[PlyCount "131"]
[EventDate "2022.??.??"]

1. e4 e5 2. Nf3 Nc6 3. Bc4 Nf6 4. d3 h6 5. Nc3 Bc5 6. h3 d6 7. Na4 a6 8. Nxc5
dxc5 9. a4 Qd6 10. Be3 b6 11. O-O g5 12. Nh2 Be6 13. Bxe6 Qxe6 14. a5 Nxa5 15.
Bxc5 Nc6 16. Be3 a5 17. Qe2 Rd8 18. c3 Ne7 19. Rfd1 Ng6 20. Ng4 Kf8 21. Nxf6
Qxf6 22. d4 Kg7 23. d5 Qd6 24. g3 Ne7 25. Qc2 Rhg8 26. c4 c5 27. dxc6 Qxc6 28.
c5 Rxd1+ 29. Rxd1 Rc8 30. Rc1 bxc5 31. Bxc5 Qe6 32. Kg2 Kh7 33. Qd2 Qc6 34. f3
a4 35. Rc3 Ng6 36. Qd5 Qf6 37. Rd3 Rb8 38. Rd2 h5 39. Qd6 Qxd6 40. Bxd6 Rb3 41.
Ba3 h4 42. Rc2 Rd3 43. Bc5 hxg3 44. Kxg3 Nh4 45. Rf2 Kg6 46. Kg4 f6 47. Rf1 Rb3
48. Rf2 Rd3 49. Rf1 f5+ 50. exf5+ Nxf5 51. Rf2 e4 52. Ba7 e3 53. Rc2 Nh6+ 54.
Kg3 Kh5 55. Rc5 e2 56. Re5 Nf5+ 57. Kf2 Nh4 58. Kxe2 Rxf3 59. Be3 Rg3 60. Ra5
Ng6 61. Kf2 Kh4 62. Ra6 Rxh3 63. Rxg6 Rh2+ 64. Kf3 Rh3+ 65. Ke4 Rg3 66. Bf2 1-0

[Event "2BLW 2122 SC Hansa Dortmund - SG Porz"]
[Site "?"]
[Date "2022.05.01"]
[Round "4.3"]
[White "Rotstein, Arkadij"]
[Black "Scholz, Christian"]
[Result "1-0"]
[WhiteElo "2458"]
[BlackElo "2362"]
[PlyCount "163"]
[EventDate "2022.??.??"]

1. Nf3 Nf6 2. c4 g6 3. g3 Bg7 4. Bg2 O-O 5. O-O d6 6. Nc3 Nc6 7. Rb1 a5 8. a3
e5 9. d3 Re8 10. b4 axb4 11. axb4 e4 12. dxe4 Nxe4 13. Nxe4 Rxe4 14. b5 Nd4 15.
Nxd4 Rxd4 16. Qb3 Bf5 17. Bb2 Bxb1 18. Rxb1 Qe7 19. Bxb7 Ra7 20. Bf3 Be5 21.
Bxd4 Bxd4 22. e3 Be5 23. Bd5 h5 24. Kg2 Kg7 25. Qc2 Ra3 26. b6 cxb6 27. Rxb6
Ra7 28. Qb3 Rd7 29. Qb5 Bc3 30. Qc6 Qd8 31. Ra6 Be5 32. Ra8 Qc7 33. Qa6 Bf6 34.
Rc8 Qa7 35. Qc6 Bd8 36. Qb5 Bf6 37. Ra8 Qc7 38. Rb8 Re7 39. Rb6 Be5 40. Qa6 Rd7
41. Rc6 Qb8 42. Rc8 Qa7 43. Qc6 Bf6 44. h3 Bd8 45. Ra8 Qc7 46. Qb5 Bf6 47. g4
hxg4 48. hxg4 Rd8 49. Ra6 Qd7 50. Kf3 Qe7 51. Rb6 Rd7 52. Qc6 Be5 53. Rb8 Rc7
54. Qb6 Ra7 55. Qd8 Qxd8 56. Rxd8 Kf6 57. Ke4 Ke7 58. Rc8 Bc3 59. g5 Be1 60. f4
Bd2 61. Bc6 f5+ 62. Kd3 Bc1 63. Kc2 Ba3 64. Be8 Bc5 65. Bxg6 Ra2+ 66. Kd1 Rg2
67. Re8+ Kd7 68. Bf7 Bb4 69. g6 Rd2+ 70. Kc1 Rg2 71. Kd1 Bc3 72. e4 Rd2+ 73.
Kc1 Re2 74. e5 Rg2 75. e6+ Kc7 76. Ra8 Re2 77. Ra7+ Kb6 78. Rd7 Kc6 79. Be8 Kc5
80. g7 Kxc4 81. Rc7+ Kb3 82. Ba4+ 1-0

[Event "2BLW 2122 SC Hansa Dortmund - SG Porz"]
[Site "?"]
[Date "2022.05.01"]
[Round "4.2"]
[White "Wegener, Olaf"]
[Black "Xu, Xianliang"]
[Result "1/2-1/2"]
[WhiteElo "2421"]
[BlackElo "2440"]
[PlyCount "91"]
[EventDate "2022.??.??"]

1. e4 c5 2. Nf3 Nc6 3. d4 cxd4 4. Nxd4 g6 5. c4 Nf6 6. Nc3 Nxd4 7. Qxd4 d6 8.
Be2 Bg7 9. Be3 O-O 10. Qd2 Be6 11. O-O Qa5 12. Rfc1 Rfc8 13. b3 a6 14. Rab1
Rab8 15. f3 Nd7 16. b4 Qd8 17. Nd5 Bxd5 18. exd5 b6 19. a4 a5 20. bxa5 bxa5 21.
Rb5 Nc5 22. Bd1 e6 23. dxe6 Nxe6 24. Qxa5 Qxa5 25. Rxa5 Bb2 26. Rc2 Nd4 27. Rf2
Re8 28. Bf4 Nc6 29. Rd5 Bd4 30. Kf1 Bxf2 31. Kxf2 Rb2+ 32. Kg3 Ne7 33. Rd3 Rc8
34. Kh3 Rxc4 35. Bg5 Nf5 36. Bf6 Rbb4 37. g4 Nd4 38. a5 h5 39. a6 hxg4+ 40.
fxg4 Nb5 41. g5 Kf8 42. Bf3 Ra4 43. Bb7 Rh4+ 44. Kg2 Rhg4+ 45. Kh3 Rh4+ 46. Kg2
1/2-1/2

[Event "2BLW 2122 SC Hansa Dortmund - SG Porz"]
[Site "?"]
[Date "2022.05.01"]
[Round "4.1"]
[White "Lutz, Christopher"]
[Black "Klyuner, Vyacheslav"]
[Result "1/2-1/2"]
[WhiteElo "2538"]
[BlackElo "2438"]
[PlyCount "33"]
[EventDate "2022.??.??"]

1. e4 d6 2. d4 Nf6 3. Nc3 e5 4. Nf3 Nbd7 5. Bc4 Be7 6. O-O O-O 7. Re1 c6 8. a4
b6 9. b3 a6 10. Bb2 Rb8 11. Bd3 Re8 12. Ne2 Bf8 13. Ng3 b5 14. h3 g6 15. Qd2
Qc7 16. axb5 axb5 17. Bf1 1/2-1/2

[Event "2BLW 2122 SG Solingen II - SC Remagen S"]
[Site "?"]
[Date "2022.05.01"]
[Round "4.8"]
[White "Berg, Michael"]
[Black "Huhndorf, Arnold"]
[Result "1-0"]
[WhiteElo "2292"]
[BlackElo "2193"]
[PlyCount "76"]
[EventDate "2022.??.??"]

1. d4 Nf6 2. c4 c5 3. d5 e6 4. Nc3 exd5 5. cxd5 d6 6. e4 g6 7. h3 Bg7 8. Nf3 a6
9. a4 Nbd7 10. Bf4 O-O 11. Bd3 Re8 12. O-O c4 13. Bc2 Qb6 14. Qb1 Qc7 15. Qa2
Rb8 16. Qa3 Ne5 17. Nxe5 dxe5 18. Bd2 Bf8 19. b4 cxb3 20. Qxb3 b5 21. axb5 axb5
22. Rfc1 Bc5 23. Bd3 Qb6 24. Be1 Bd7 25. Rab1 Rec8 26. Qd1 Qa7 27. Qf3 Nh5 28.
Bxb5 Bxb5 29. Nxb5 Rxb5 30. Rxb5 Bxf2+ 31. Qxf2 Qxf2+ 32. Kxf2 Rxc1 33. d6 Rd1
34. Bc3 f6 35. Bb4 Kg7 36. Rb7+ Kh6 37. d7 Nf4 38. Be7 Ne6 1-0

[Event "2BLW 2122 SG Solingen II - SC Remagen S"]
[Site "?"]
[Date "2022.05.01"]
[Round "4.3"]
[White "Burg, Twan"]
[Black "Halvax, Georg"]
[Result "1/2-1/2"]
[WhiteElo "2507"]
[BlackElo "2404"]
[PlyCount "47"]
[EventDate "2022.??.??"]

1. e4 c5 2. Nf3 g6 3. c3 d5 4. e5 Nc6 5. d4 Bg4 6. Bb5 Qb6 7. Bxc6+ Qxc6 8. O-O
Bg7 9. Re1 e6 10. dxc5 Bxf3 11. Qxf3 Qxc5 12. Nd2 Ne7 13. Qh3 Nc6 14. b4 Qb6
15. Nf3 a5 16. Be3 Qc7 17. Bc5 b6 18. Bd6 Qd7 19. b5 Ne7 20. c4 dxc4 21. Nd2 c3
22. Ne4 O-O 23. Qxc3 Rfc8 24. Qd4 1/2-1/2

[Event "2BLW 2122 SG Solingen II - SC Remagen S"]
[Site "?"]
[Date "2022.05.01"]
[Round "4.6"]
[White "Hobusch, Jan"]
[Black "Geirnaert, Steven"]
[Result "1/2-1/2"]
[WhiteElo "2232"]
[BlackElo "2407"]
[PlyCount "168"]
[EventDate "2022.??.??"]

1. d4 Nf6 2. Bf4 e6 3. e3 c5 4. c3 Nc6 5. Nd2 d5 6. Ngf3 Bd6 7. Bg3 O-O 8. Bd3
b6 9. Qe2 Bb7 10. Rd1 Be7 11. Ne5 Rc8 12. O-O g6 13. f4 Nh5 14. Qg4 f5 15. Nxc6
Bxc6 16. Qh3 Ba4 17. Rc1 cxd4 18. cxd4 Qd7 19. Bh4 Bb4 20. Nf3 Rxc1 21. Rxc1
Rc8 22. Rf1 Bd6 23. g4 fxg4 24. Qxg4 Ng7 25. Ne5 Bxe5 26. fxe5 Bc2 27. Ba6 Rc7
28. Rc1 Nf5 29. Qg5 Be4 30. Rxc7 Qxc7 31. Bf1 Qf7 32. Bh3 Kg7 33. Qf6+ Qxf6 34.
Bxf6+ Kh6 35. Bxf5 Bxf5 36. Kf2 g5 37. h4 gxh4 38. Bxh4 Kg6 39. Bd8 b5 40. Kf3
Bb1 41. a4 bxa4 42. Kf4 Kf7 43. Kg5 Ke8 44. Bc7 Kd7 45. Bb8 a6 46. Bd6 Kc6 47.
Bc5 Kb5 48. Kh4 Kc4 49. Kg5 Bf5 50. Kh4 Kd3 51. Kg5 Kxe3 52. Bb6 Kf3 53. Kh4
Kf4 54. Bc5 Bg4 55. Bb6 h5 56. Bc5 Ke4 57. Bb6 Ke3 58. Bc5 Bd1 59. Bb6 Be2 60.
Bc5 Kd3 61. Kg3 Kc4 62. Kh4 Kb3 63. Ba3 Kc2 64. Kg3 Bb5 65. Kh4 Be8 66. Kg3 Kd3
67. Bc5 Ke4 68. Kh4 Kf4 69. Bb6 Kf5 70. Bc5 Ke4 71. Bb6 Ke3 72. Kg3 Kd3 73. Bc5
Kc4 74. Kh4 Bg6 75. Kg3 a5 76. Kh4 Bf7 77. Kg3 Be8 78. Kh4 Kd3 79. Kg3 Ke3 80.
Bb6 Ke4 81. Kh4 Kd3 82. Bc5 Kc4 83. Kg3 Kb3 84. Ba3 Kc4 1/2-1/2

[Event "2BLW 2122 SG Solingen II - SC Remagen S"]
[Site "?"]
[Date "2022.05.01"]
[Round "4.5"]
[White "Jaracz, Pawel"]
[Black "Schaefer, Markus"]
[Result "1-0"]
[WhiteElo "2465"]
[BlackElo "2373"]
[PlyCount "59"]
[EventDate "2022.??.??"]

1. e4 e6 2. d4 d5 3. Nd2 Be7 4. Bb5+ c6 5. Ba4 dxe4 6. Nxe4 Nf6 7. Nxf6+ Bxf6
8. Nf3 Qc7 9. O-O O-O 10. c3 Nd7 11. Bc2 Re8 12. Ng5 Nf8 13. Re1 b6 14. Qh5
Bxg5 15. Bxg5 g6 16. Qh6 f5 17. Re3 Qf7 18. Rae1 Bd7 19. Bb3 Rac8 20. Qh4 c5
21. dxc5 bxc5 22. Bh6 Qe7 23. Qf4 Qf6 24. h4 Kh8 25. Bc4 Bc6 26. Bxf8 Qxf8 27.
Rxe6 Rxe6 28. Rxe6 Be4 29. Qe5+ Qg7 30. Re8+ 1-0

[Event "2BLW 2122 SG Solingen II - SC Remagen S"]
[Site "?"]
[Date "2022.05.01"]
[Round "4.7"]
[White "Mainka, Romuald"]
[Black "Zolfagharian, Kevin"]
[Result "1/2-1/2"]
[WhiteElo "2378"]
[BlackElo "2239"]
[PlyCount "68"]
[EventDate "2022.??.??"]

1. e4 c5 2. Nf3 d6 3. g3 Nf6 4. d3 Nc6 5. Bg2 g6 6. O-O Bg7 7. c3 O-O 8. Re1
Bg4 9. h3 Bxf3 10. Bxf3 d5 11. exd5 Nxd5 12. Qb3 Nb6 13. Rd1 Qd7 14. Bg2 Rad8
15. Na3 Ne5 16. Be3 Qf5 17. Bxc5 Nxd3 18. Be3 Ne5 19. Rxd8 Rxd8 20. Rd1 Rxd1+
21. Qxd1 Qd3 22. Qb3 Qe2 23. Qb5 Qd1+ 24. Qf1 Nf3+ 25. Kh1 Qxf1+ 26. Bxf1 Na4
27. Bc1 a6 28. Nc2 Bf6 29. Be2 Ne5 30. Kg2 Nc5 31. Nb4 a5 32. f4 axb4 33. fxe5
Bxe5 34. cxb4 Na4 1/2-1/2

[Event "2BLW 2122 SG Solingen II - SC Remagen S"]
[Site "?"]
[Date "2022.05.01"]
[Round "4.1"]
[White "Plat, Vojtech"]
[Black "Wegerle, Joerg"]
[Result "1-0"]
[WhiteElo "2546"]
[BlackElo "2405"]
[PlyCount "91"]
[EventDate "2022.??.??"]

1. d4 d5 2. c4 c6 3. Nc3 Nf6 4. cxd5 cxd5 5. Bf4 Nc6 6. e3 Bf5 7. Qb3 Na5 8.
Qa4+ Bd7 9. Qc2 Rc8 10. Nf3 e6 11. Bd3 Be7 12. O-O Nc6 13. a3 Nh5 14. Be5 f6
15. Bg3 Nxg3 16. fxg3 f5 17. g4 g6 18. Kh1 Bf6 19. Ng1 Ne7 20. Nge2 O-O 21.
gxf5 Nxf5 22. Bxf5 gxf5 23. Nf4 Rc6 24. Qe2 Kh8 25. Nh5 Be8 26. Nxf6 Qxf6 27.
Rac1 Qg5 28. Qf2 Bh5 29. Ne2 Rfc8 30. Rxc6 Rxc6 31. Nf4 Rc7 32. Nd3 b6 33. Ne5
h6 34. Qd2 Qg8 35. Rc1 Qc8 36. Rxc7 Qxc7 37. h3 Kg7 38. Qf2 Qe7 39. Qc2 Be8 40.
Qc8 h5 41. Qb8 h4 42. Nd3 Bf7 43. Nf4 Qg5 44. Qxa7 Kf6 45. Qc7 Qg3 46. Qe5+ 1-0

[Event "2BLW 2122 SG Solingen II - SC Remagen S"]
[Site "?"]
[Date "2022.05.01"]
[Round "4.2"]
[White "Roseneck, Jonas"]
[Black "Swinkels, Robin"]
[Result "1/2-1/2"]
[WhiteElo "2376"]
[BlackElo "2504"]
[PlyCount "42"]
[EventDate "2022.??.??"]

1. Nf3 d5 2. d4 Nf6 3. c4 e6 4. Nc3 c6 5. Bg5 h6 6. Bh4 dxc4 7. e4 g5 8. Bg3 b5
9. Be2 Bb7 10. O-O Nbd7 11. Ne5 Be7 12. f4 gxf4 13. Bxf4 Rh7 14. Kh1 Nxe5 15.
Bxe5 Nd7 16. Bg3 h5 17. Bxh5 Nf6 18. Bxf7+ Kxf7 19. e5 c5 20. Qc2 Qh8 21. Ne4
Rg8 1/2-1/2